| 000 | 02744nam0a2200505 4500 | ||
|---|---|---|---|
| 001 | RU\NLR\bibl\1493620 | ||
| 005 | 20260405200435.0 | ||
| 010 |
_a978-5-93660-070-8 _bИВ НАН Армении |
||
| 010 |
_a978-5-89282-384-5 _9120 _bИВ РАН |
||
| 021 |
_aRU _b2010-9406 _9616 |
||
| 035 | _a(nilc)RSL-KNO-004580877 | ||
| 035 | _a(NLR Aleph) 001485154 | ||
| 090 |
_a1728393 _c1728393 |
||
| 100 | _a20100212d2009 |||y0rusy50 ca | ||
| 101 | 1 |
_arus _aeng _aara |
|
| 102 |
_aRU _aAM |
||
| 105 | _ay zzzz||||| | ||
| 200 | 1 |
_aЖитие св. Григория просветителя Армении по арабской синайской рукописи, 455 _dThe life of st. Gregory the illuminator of Armenia in ms. sin. ar., 455 _fА.С. Жамкочян _gНац. акад. наук Респ. Армения, Ин-т востоковедения [и др.] _zeng |
|
| 210 |
_aЕреван _aМосква _cнауч.-изд. отд. Института востоковедения РАН _d2009 |
||
| 215 |
_a27 с. _d21 |
||
| 300 | _aАвт. также на англ. яз.: Haroutun S. Jamgotchian | ||
| 300 | _aВ надзаг. также: Рос. акад. наук, Ин-т востоковедения, Междунар. обществ. орг. "Центр стратег. и полит. исслед." | ||
| 300 | _aТекст на рус., англ. и араб. яз. | ||
| 320 | _aБиблиогр.: с. 27 и в подстроч. примеч. | ||
| 320 | _aУказ. собств. имен и геогр. назв.: с. 24-25 | ||
| 500 | 1 | 0 |
_6z11702 _aИстория Армении |
| 510 | 1 |
_6z11790 _aLife of st. Gregory the illuminator of Armenia in ms. sin. ar. 455 _zeng |
|
| 600 | 0 |
_aГригорий Просветитель _fок. 239 - ок. 325 _92596889 _3RU\NLR\auth\661534344 |
|
| 686 |
_aЧ611.53(0)42-5,0 _2rubbk |
||
| 686 |
_aТ3(2Ар)41,012 _2rubbk |
||
| 686 | _aЭ373.1-574.8 | ||
| 700 | 1 |
_4070 _7ca _8rus _aЖамкочян _bА. С. _f1934- _gАрутюн Сизефрович _970981 _3RU\NLR\auth\7788053 |
|
| 702 | 0 |
_4570 _7ca _8rus _aАгафангел _f5 в. _951471 _3RU\NLR\auth\7768543 |
|
| 702 | 0 |
_4570 _7ca _8rus _aГригорий Просветитель _cкатоликос всех армян _fок.240-ок.325 _970991 _3RU\NLR\AUTH\7788063 |
|
| 790 | 1 |
_4070 _7ba _8rus _aŽamkočjan _bA. S. _f1934- _gArutjun Sizefrovič _970987 _3RU\NLR\auth\7788059 |
|
| 801 | 0 |
_aRU _bРГБ _c20100212 _grcr |
|
| 801 | 1 |
_aRU _bРГБ _c20100212 |
|
| 801 | 2 |
_aRU _bNLR _c20100402 _grcr |
|
| 852 |
_aNLR _bОЛСАА-араб _j3-5486 |
||
| 942 | _cBOOK | ||
| 980 | _aNB | ||
| 980 | 1 | _aARAB | |